LDR 00839naa#a2200169#i#450# 001 RU\\bibl\104490 005 20260516094153.6 011 ## _a2071-7318 100 ## _a20260508b2026####ek#y0rusy0150####ca 102 ## _aRU 200 1# _aМЕЖДУ РЕАЛЬНОСТЬЮ И УТОПИЕЙ: СПЕКУЛЯТИВНОЕ ПРОЕКТИРОВАНИЕ КАК МЕТОД АРХИТЕКТУРНОГО ПРОГНОЗИРОВАНИЯ _eЖурнальная статья 210 1# _aБелгород _cБелгородский государственный технологический университет им. В.Г. Шухова _d2026 215 ## _a13 с. 608 ## _aЖурнальная статья _2local 675 ## _aТеория, философия, эстетика архитектуры. 72.01 _z 700 #1 _aАдонина _gА. В. 856 4# _anaukaru.ru _u